000 01038cam a22003137a 4500
003 CHAP
005 20220329140419.0
008 971013s1984 r 00010 d
010 _a51620
011 _a52592
035 _a56742
040 _cCHAP
082 _a540
_bW3
100 0 0 _aWalls, Fernando.
_9120949
245 1 3 _aLa química contemporánea
260 _aMéxico, D.F. :
_bUniversidad Nacional Autónoma de México,
_c1984
300 _a239 p.
_b: ilus.
490 4 _aLas ciencias en el siglo XX
_v; 3
590 _aBATCH-UPD
_b10
_c20130110
_lUCH01
_h0507
590 _aBATCH-UPD
_b10
_c20130410
_lUCH01
_h0145
590 _aBATCH-UPD
_b10
_c20130914
_lUCH01
_h1949
590 _aCONVERSION
_b10
_c20130109
_lUCH01
_h1328
650 1 4 _aQuímica.
_993552
830 4 _aLas ciencias en el siglo XX
_v; 3
_965002
901 _aBK
942 _cLIBRO
949 _a540 W3
_bBC
_cLIBRO
_d33724000438792
_eLIBRO
_fc.2
_gI.c/e
_h67830
_i56742
_si
_t400.00
949 _a540 W3
_bBC
_cLIBRO
_d33724000888830
_eLIBRO
_gI.c/e
_h67830
_i56742
_si
_t400.00
999 _c51620
_d51620